| 000 | 00539nam a2200205Ia 4500 | ||
|---|---|---|---|
| 003 | OSt | ||
| 005 | 20221005130453.0 | ||
| 006 | a|||||r|||| 00| 0 | ||
| 007 | ta | ||
| 008 | 221004b |||||||| |||| 00| 0 eng d | ||
| 024 | _a112550 | ||
| 037 | _cTextual | ||
| 040 |
_aCRL _cCRL _beng |
||
| 041 |
_2eng _aeng |
||
| 110 |
_aNATL Counsil of Educational _9638191 |
||
| 245 | 0 | _aResearch Training Improved Science Teaching in School | |
| 700 |
_aNATL Counsil of Educational _9638192 |
||
| 942 |
_cTEXL _2cc |
||
| 999 |
_c1057361 _d1057361 |
||